000 00837nam a2200277Ia 4500
003 OSt
005 20220928130812.0
006 a|||||r|||| 00| 0
007 ta
008 220927b |||||||| |||| 00| 0 eng d
020 _c4544.8900000000003
024 _a124192
037 _b90, 22/08/2014, Vardhman Books
_cTextual
040 _aSDCL
_cSDCL
_beng
041 _2eng
_aeng
082 _aX:8:(B28), Q4
100 _aSwift Louis
_9476276
245 0 _aQuantitative methods
_b For business, management & finance
250 _a4th
260 _aHoundsmills
_bPalgrave Macmillan
_c2014
300 _axxii;704p.
_ccm.
650 _aFinancial Studies
700 _a Piff Sally
_9476277
942 _hX:8:(B28), Q4
_cTEXL
_2CC
999 _c788760
_d788760